|
|
|
|
| LEADER |
00000naa2a2200000 4500 |
| 001 |
617429 |
| 005 |
20250910114054.0 |
| 035 |
|
|
|a (RuTPU)RU\TPU\conf\15742
|
| 035 |
|
|
|a RU\TPU\conf\15741
|
| 090 |
|
|
|a 617429
|
| 100 |
|
|
|a 20160305d2015 k y0rusy50 ba
|
| 101 |
0 |
|
|a eng
|
| 102 |
|
|
|a RU
|
| 105 |
|
|
|a y z 101zy
|
| 135 |
|
|
|a drcn ---uucaa
|
| 181 |
|
0 |
|a i
|
| 182 |
|
0 |
|a b
|
| 200 |
1 |
|
|a Petrochemical industry as a source of particular matter and their influence on human health
|f E. I. Aleynikova, T. S. Shakhova
|g sci. adv. A. V. Talovskaya ; I. A. Matveenko
|
| 203 |
|
|
|a Текст
|c электронный
|
| 225 |
1 |
|
|a Environmental issues and sustainable development
|
| 300 |
|
|
|a Заглавие с титульного экрана
|
| 320 |
|
|
|a [Библиогр.: с. 540 (6 назв.)]
|
| 463 |
|
0 |
|0 (RuTPU)RU\TPU\conf\15338
|t Творчество юных - шаг в успешное будущее
|o материалы VIII Всероссийской научной студенческой конференции с элементами научной школы имени профессора М. К. Коровина, г. Томск, 23-27 ноября 2015 г.
|f Национальный исследовательский Томский политехнический университет (ТПУ) ; под ред. А. Ю. Дмитриева
|v [С. 539-540]
|d 2015
|
| 610 |
1 |
|
|a труды учёных ТПУ
|
| 610 |
1 |
|
|a электронный ресурс
|
| 610 |
1 |
|
|a нефтехимическая промышленность
|
| 610 |
1 |
|
|a здоровье населения
|
| 700 |
|
1 |
|a Aleynikova
|b E. I.
|
| 701 |
|
1 |
|a Shakhova
|b T. S.
|g Tatiana Sergeevna
|f 1991-
|c geologist
|c engineer of Tomsk Polytechnic University
|3 (RuTPU)RU\TPU\pers\36480
|9 19529
|
| 702 |
|
1 |
|a Talovskaya
|b A. V.
|c geochemist
|c Associate Professor of Tomsk Polytechnic University, Candidate of geological and mineralogical sciences
|f 1983-
|g Anna Valerievna
|4 727
|
| 702 |
|
1 |
|a Matveenko
|b I. A.
|c linguist
|c Associate Professor of Tomsk Polytechnic University, Candidate of philological science
|f 1967-
|g Irina Alekseevna
|4 727
|
| 712 |
0 |
2 |
|a Национальный исследовательский Томский политехнический университет (ТПУ)
|b Институт природных ресурсов (ИПР)
|b Кафедра геоэкологии и геохимии (ГЭГХ)
|3 (RuTPU)RU\TPU\col\18658
|
| 712 |
0 |
2 |
|a Национальный исследовательский Томский политехнический университет (ТПУ)
|b Институт природных ресурсов (ИПР)
|b Кафедра иностранных языков (ИЯПР)
|3 (RuTPU)RU\TPU\col\18662
|
| 801 |
|
2 |
|a RU
|b 63413507
|c 20180216
|g RCR
|
| 856 |
4 |
|
|u http://earchive.tpu.ru/handle/11683/15687
|
| 942 |
|
|
|c BK
|